[Event "2. Bundesliga Ost 2010/2011"]
[Site "2+3.10.Zwettl,30.10-1.11.Wien,27+28.11.Wien,29+30.
[Date "2010.10.03"]
[Round "2"]
[Board "5"]
[White "Hansen, Kay"]
[Black "Hangweyrer, Manfred"]
[Result "1/2-1/2"]
[WhiteElo "2247"]
[BlackElo "2334"]
[PlyCount "60"]
[EventDate "2010.10.02"]
[EventType "team"]
[EventRounds "11"]
[EventCountry "AUT"]
[WhiteTeam "Niederabsdorf"]
[BlackTeam "ASVOE Pamhagen"]

1.d4 d6 2.Nf3 Nf6 3.c4 Nbd7 4.Nc3 e5 5.e3 g6 6.b3 Bg7 7.Bb2 O-O 8.Be2 exd4
9.Nxd4 a6 10.O-O Re8 11.Qc2 Ne5 12.Rad1 Bd7 13.Rd2 Nc6 14.Bf3 Nxd4 15.Rxd4 Bc6
16.Qe2 Nd7 17.Rd2 Ne5 18.Bd5 Qe7 19.Re1 Rab8 20.f4 Nd7 21.Qf3 Bxc3 22.Bxc3 Bxd5
23.cxd5 Nc5 24.Bd4 Ne4 25.Rc2 Rbc8 26.Rec1 Qd7 27.g4 c5 28.Bb2 f5 29.Rg2 Qf7
30.Qh3 Rf8 1/2-1/2

[Event "2. Bundesliga Ost 2010/2011"]
[Site "2+3.10.Zwettl,30.10-1.11.Wien,27+28.11.Wien,29+30.
[Date "2010.10.03"]
[Round "2"]
[Board "6"]
[White "Kuthan, Andreas"]
[Black "Wiedermann, Daniel"]
[Result "1-0"]
[WhiteElo "2204"]
[BlackElo "2192"]
[PlyCount "113"]
[EventDate "2010.10.02"]
[EventType "team"]
[EventRounds "11"]
[EventCountry "AUT"]
[WhiteTeam "ASVOE Pamhagen"]
[BlackTeam "Niederabsdorf"]

1.d4 d5 2.c4 c6 3.Nf3 Nf6 4.Nc3 dxc4 5.a4 Bf5 6.e3 e6 7.a5 Bd3 8.Bxd3 cxd3 9.Qb3
Qc7 10.O-O Nbd7 11.e4 Be7 12.e5 Nd5 13.Nxd5 cxd5 14.Qxd3 h6 15.Bd2 Qc4 16.Qxc4
dxc4 17.Rfc1 b5 18.axb6 Nxb6 19.Ra6 O-O 20.Rca1 Rfb8 21.Rxa7 Rxa7 22.Rxa7 Nd5
23.Ra2 Rb3 24.Kf1 Bb4 25.Ke2 Bxd2 26.Kxd2 Rd3+ 27.Kc1 Nf4 28.Ra3 Ne2+ 29.Kc2
Nxd4+ 30.Nxd4 Rxd4 31.Re3 Kf8 32.Kc3 Rh4 33.h3 Ke7 34.f3 f6 35.Re4 Rh5 36.Kxc4
Rg5 37.exf6+ gxf6 38.Rg4 Rf5 39.Rd4 h5 40.b4 Rg5 41.Rd2 Rg8 42.b5 Rc8+ 43.Kb4
Rc1 44.b6 Rb1+ 45.Kc5 Rc1+ 46.Kb5 Rb1+ 47.Kc6 Rc1+ 48.Kb7 Rb1 49.Kc7 Rc1+ 50.Kb8
Rb1 51.b7 Ra1 52.Rd4 Ra2 53.Kc7 Rc2+ 54.Kb6 Rb2+ 55.Ka6 e5 56.Rd5 Ra2+ 57.Ra5 1-0

[Event "2. Bundesliga Ost 2010/2011"]
[Site "2+3.10.Zwettl,30.10-1.11.Wien,27+28.11.Wien,29+30.
[Date "2010.10.03"]
[Round "2"]
[Board "1"]
[White "Fauland, Alexander"]
[Black "Polak, Thomas"]
[Result "0-1"]
[WhiteElo "2436"]
[BlackElo "2535"]
[PlyCount "80"]
[EventDate "2010.10.02"]
[EventType "team"]
[EventRounds "11"]
[EventCountry "AUT"]
[WhiteTeam "Raiffeisen Waehring"]
[BlackTeam "SK Zwettl"]

1.Nf3 Nf6 2.c4 e6 3.g3 d5 4.b3 Be7 5.Bg2 O-O 6.O-O b6 7.Bb2 Bb7 8.e3 c5 9.Nc3
Nbd7 10.Rc1 Rc8 11.Rc2 Qc7 12.Qa1 Rfd8 13.cxd5 exd5 14.d4 Qb8 15.Rd1 Bf8 16.Rcc1
Qa8 17.Bh3 Ne4 18.dxc5 Nxc3 19.Bxc3 bxc5 20.Ba5 Nb6 21.Bxc8 Rxc8 22.Ne1 Nd7
23.Qb1 Ne5 24.Qf5 Re8 25.Bc3 f6 26.Bxe5 Rxe5 27.Qh3 Qe8 28.Nd3 Rh5 29.Qg2 Bc6
30.Nf4 d4 31.e4 Re5 32.f3 f5 33.Nd3 Re6 34.e5 f4 35.g4 Bb5 36.Nxc5 Rxe5 37.Ne4
d3 38.a4 Ba6 39.Rc3 Qd7 40.Qf2 Rxe4 0-1

[Event "2. Bundesliga Ost 2010/2011"]
[Site "2+3.10.Zwettl,30.10-1.11.Wien,27+28.11.Wien,29+30.
[Date "2010.10.03"]
[Round "2"]
[Board "2"]
[White "Blatny, Pavel"]
[Black "Mahdy, Khaled"]
[Result "0-1"]
[WhiteElo "2402"]
[BlackElo "2401"]
[PlyCount "110"]
[EventDate "2010.10.02"]
[EventType "team"]
[EventRounds "11"]
[EventCountry "AUT"]
[WhiteTeam "SK Zwettl"]
[BlackTeam "Raiffeisen Waehring"]

1.d4 Nf6 2.Nf3 d5 3.Bf4 g6 4.e3 Bg7 5.c4 O-O 6.Nc3 c5 7.dxc5 Qa5 8.Qa4 Qxc5
9.cxd5 Nxd5 10.Nxd5 Qxd5 11.Bc4 Qh5 12.O-O Nc6 13.Rad1 Qa5 14.Qc2 Qb6 15.Rd2 Bg4
16.Be2 Rac8 17.Qb1 Qa5 18.Rfd1 Be6 19.a3 Bb3 20.Rc1 e5 21.Bg3 Rfd8 22.Rd3 Qb6
23.Bh4 Rxd3 24.Qxd3 e4 25.Qxe4 Bxb2 26.Rb1 Ba2 27.Rd1 Bb3 28.Rb1 Ba2 29.Rd1 Bb3
30.Rf1 a5 31.Qf4 Qc5 32.Ng5 a4 33.Ne4 Qf5 34.Qxf5 gxf5 35.Nd6 Ra8 36.Nc4 Bxc4
37.Bxc4 Bxa3 38.Rb1 Bb4 39.Bf6 Rc8 40.Bd3 Be7 41.Ba1 Rd8 42.Bxf5 b5 43.Be4 Na5
44.Bd4 Nb3 45.Bc2 Nxd4 46.exd4 a3 47.Kf1 Rc8 48.Bb3 Rc3 49.Bd5 b4 50.Re1 b3
51.Rxe7 b2 52.Ba2 Rc1+ 53.Ke2 Ra1 54.Bxf7+ Kf8 55.Rb7 b1=Q 0-1

[Event "2. Bundesliga Ost 2010/2011"]
[Site "2+3.10.Zwettl,30.10-1.11.Wien,27+28.11.Wien,29+30.
[Date "2010.10.03"]
[Round "2"]
[Board "3"]
[White "Alvir, Aco"]
[Black "Vyskocil, Neklan"]
[Result "0-1"]
[WhiteElo "2360"]
[BlackElo "2376"]
[PlyCount "112"]
[EventDate "2010.10.02"]
[EventType "team"]
[EventRounds "11"]
[EventCountry "AUT"]
[WhiteTeam "Raiffeisen Waehring"]
[BlackTeam "SK Zwettl"]

1.e4 c5 2.Nf3 e6 3.d4 cxd4 4.Nxd4 a6 5.Bd3 Bc5 6.Nb3 Be7 7.Qg4 g6 8.Qe2 d6 9.Nc3
Nd7 10.f4 Qc7 11.Bd2 Ngf6 12.O-O b5 13.Rae1 b4 14.Nd1 e5 15.Kh1 a5 16.fxe5 dxe5
17.Bh6 a4 18.Nd2 Bf8 19.Bxf8 Kxf8 20.Ne3 Kg7 21.Rf3 Rf8 22.Ndf1 Bb7 23.Ng3 Nc5
24.Qf2 Nfxe4 25.Bxe4 Bxe4 26.Nxe4 Nxe4 27.Nf5+ gxf5 28.Rxe4 f4 29.Qe2 b3 30.Rc4
Qd6 31.axb3 axb3 32.Rf1 bxc2 33.Rxc2 Rad8 34.h3 Rfe8 35.Rc3 Re6 36.Qh5 Rg6
37.Re1 Re8 38.Qf3 Qd2 39.Qe4 Qxb2 40.Rc7 Qb3 41.Rb1 Qe6 42.Rbc1 Rf6 43.R1c6 Qf5
44.Qa4 Ree6 45.Rxe6 Qxe6 46.Rc4 h5 47.Rc2 e4 48.Rc5 f3 49.Rg5+ Rg6 50.Qd4+ Qf6
51.Rxg6+ fxg6 52.Qd7+ Kh6 53.gxf3 Qxf3+ 54.Kh2 e3 55.Qd4 Qf2+ 56.Kh1 Qe1+ 0-1

[Event "2. Bundesliga Ost 2010/2011"]
[Site "2+3.10.Zwettl,30.10-1.11.Wien,27+28.11.Wien,29+30.
[Date "2010.10.03"]
[Round "2"]
[Board "4"]
[White "Buchnicek, Petr"]
[Black "Wallner, Joachim"]
[Result "1-0"]
[WhiteElo "2305"]
[BlackElo "2294"]
[PlyCount "77"]
[EventDate "2010.10.02"]
[EventType "team"]
[EventRounds "11"]
[EventCountry "AUT"]
[WhiteTeam "SK Zwettl"]
[BlackTeam "Raiffeisen Waehring"]

1.e4 b6 2.d4 Bb7 3.Bd3 Nf6 4.Nd2 e6 5.Ngf3 c5 6.c3 Nc6 7.a3 cxd4 8.cxd4 Be7
9.O-O O-O 10.b4 Rc8 11.Re1 d6 12.Bb2 Re8 13.Qe2 Bf8 14.Rad1 e5 15.dxe5 dxe5
16.Bb5 Qc7 17.Nc4 a6 18.Bxc6 Qxc6 19.Nfxe5 Qxe4 20.Qxe4 Nxe4 21.Nxb6 Rc2 22.Bd4
Nd6 23.Bc5 f6 24.Ned7 Rxe1+ 25.Rxe1 Be7 26.f3 Kf7 27.a4 Bc6 28.Nb8 Bb7 29.a5 g5
30.Kf1 g4 31.Re2 Rc1+ 32.Kf2 gxf3 33.gxf3 Rc3 34.Ke1 Rxf3 35.b5 Rc3 36.bxa6 Rxc5
37.axb7 Nxb7 38.a6 Ra5 39.Rxe7+ 1-0

[Event "2. Bundesliga Ost 2010/2011"]
[Site "2+3.10.Zwettl,30.10-1.11.Wien,27+28.11.Wien,29+30.
[Date "2010.10.03"]
[Round "2"]
[Board "5"]
[White "Lovrinovic, Christian"]
[Black "Wagner, Stefan"]
[Result "0-1"]
[WhiteElo "2193"]
[BlackElo "2173"]
[PlyCount "106"]
[EventDate "2010.10.02"]
[EventType "team"]
[EventRounds "11"]
[EventCountry "AUT"]
[WhiteTeam "Raiffeisen Waehring"]
[BlackTeam "SK Zwettl"]

1.d4 Nf6 2.c4 e6 3.Nc3 Bb4 4.Qc2 O-O 5.e4 c5 6.e5 cxd4 7.exf6 dxc3 8.bxc3 Qxf6
9.Bd2 Nc6 10.Rb1 Bc5 11.Nh3 Qg6 12.Qxg6 hxg6 13.Ng5 b6 14.Ne4 Ba6 15.Rd1 d6
16.Bf4 e5 17.Bg3 Rfd8 18.Be2 Na5 19.Nd2 Rac8 20.O-O Ba3 21.Rfe1 Nxc4 22.Nxc4
Bxc4 23.Bxc4 Rxc4 24.Bxe5 Re8 25.Bd4 Rxe1+ 26.Rxe1 Bc5 27.Bxc5 dxc5 28.Re3 Ra4
29.Re2 Ra3 30.Rc2 f6 31.Kf1 Kf7 32.Ke2 Ke6 33.Kd2 Kd5 34.Kc1 Ra4 35.Rd2+ Ke6
36.Kb2 Re4 37.Kb3 g5 38.Rd8 Kf5 39.Rd3 Re2 40.Rf3+ Ke5 41.h3 f5 42.a4 a6 43.Rg3
Rxf2 44.Rxg5 Kf6 45.h4 Rf4 46.Rg3 Rxh4 47.Re3 Re4 48.Rf3 g5 49.Ka3 f4 50.Rd3 g4
51.Rd6+ Re6 52.Rd8 Ke5 53.Rg8 f3 0-1

[Event "2. Bundesliga Ost 2010/2011"]
[Site "2+3.10.Zwettl,30.10-1.11.Wien,27+28.11.Wien,29+30.
[Date "2010.10.03"]
[Round "2"]
[Board "6"]
[White "Janetschek, Karl"]
[Black "Nolz, Tom"]
[Result "0-1"]
[WhiteElo "2271"]
[BlackElo "2165"]
[PlyCount "84"]
[EventDate "2010.10.02"]
[EventType "team"]
[EventRounds "11"]
[EventCountry "AUT"]
[WhiteTeam "SK Zwettl"]
[BlackTeam "Raiffeisen Waehring"]

1.e4 c6 2.d4 d5 3.exd5 cxd5 4.c4 Nf6 5.Nc3 Nc6 6.Nf3 Bg4 7.cxd5 Nxd5 8.Be2 e6
9.O-O Bb4 10.Ne4 O-O 11.a3 Be7 12.Re1 Nf6 13.Nc3 Bxf3 14.Bxf3 Qxd4 15.Qb3 Qb6
16.Qxb6 axb6 17.Be3 Bc5 18.Bxc5 bxc5 19.Bxc6 bxc6 20.Red1 Rfd8 21.Na4 Rdb8
22.Nxc5 Rxb2 23.a4 Nd5 24.g3 g6 25.Rdc1 Ra5 26.Ra3 Rb4 27.Kg2 g5 28.h3 Kg7
29.Rf3 h5 30.Rc2 Ne7 31.Rd3 Ra7 32.Ra3 Ra5 33.Rd3 h4 34.Rd7 Kf6 35.gxh4 Rxh4
36.Rb7 Ng6 37.Rc3 Nf4+ 38.Kh2 Kg6 39.Nd7 g4 40.Rc4 Rxh3+ 41.Kg1 Rf3 42.Rbb4 Rf5 0-1

[Event "2. Bundesliga Ost 2010/2011"]
[Site "2+3.10.Zwettl,30.10-1.11.Wien,27+28.11.Wien,29+30.
[Date "2010.10.30"]
[Round "3"]
[Board "1"]
[White "Polak, Thomas"]
[Black "Hodisch, Juri"]
[Result "0-1"]
[WhiteElo "2535"]
[BlackElo "2393"]
[PlyCount "90"]
[EventDate "2010.10.02"]
[EventType "team"]
[EventRounds "11"]
[EventCountry "AUT"]
[WhiteTeam "SK Zwettl"]
[BlackTeam "Aljechin/Wieden"]

1.d4 Nf6 2.c4 e6 3.Nf3 b6 4.g3 Ba6 5.b3 Bb4+ 6.Bd2 Be7 7.Bg2 c6 8.Bc3 d5 9.Ne5
Nfd7 10.Nxd7 Nxd7 11.Nd2 f5 12.O-O O-O 13.Rc1 Rc8 14.Rc2 Bd6 15.Bb2 Qe7 16.Re1
Bb7 17.Qa1 a5 18.a3 Rfe8 19.e3 Nf6 20.Rec1 Nd7 21.Nf3 c5 22.Ne1 cxd4 23.exd4 Nf6
24.Nd3 dxc4 25.bxc4 Bxg2 26.Kxg2 Qb7+ 27.f3 Ng4 28.Re1 Nf6 29.Qa2 h5 30.Rce2 Qf7
31.Bc1 h4 32.Bf4 Bf8 33.Ne5 Qb7 34.Ng6 h3+ 35.Kxh3 Qxf3 36.Nxf8 Kxf8 37.Re3 Qh5+
38.Kg2 Ng4 39.h3 Nxe3+ 40.Rxe3 Qd1 41.Be5 Qc1 42.Qf2 Rxc4 43.Re2 Kg8 44.d5 exd5
45.Qxf5 Re4 0-1

[Event "2. Bundesliga Ost 2010/2011"]
[Site "2+3.10.Zwettl,30.10-1.11.Wien,27+28.11.Wien,29+30.
[Date "2010.10.30"]
[Round "3"]
[Board "2"]
[White "Heiny, Johannes"]
[Black "Blatny, Pavel"]
[Result "0-1"]
[WhiteElo "2263"]
[BlackElo "2402"]
[PlyCount "72"]
[EventDate "2010.10.02"]
[EventType "team"]
[EventRounds "11"]
[EventCountry "AUT"]
[WhiteTeam "Aljechin/Wieden"]
[BlackTeam "SK Zwettl"]

1.d4 Nf6 2.Nf3 d6 3.c4 g6 4.Nc3 Bf5 5.Bg5 Ne4 6.Nxe4 Bxe4 7.Nd2 Bc6 8.e4 Bg7
9.Be3 O-O 10.Bd3 f5 11.f3 Bd7 12.O-O f4 13.Bf2 Nc6 14.Nb3 a5 15.Bc2 e5 16.d5 Ne7
17.c5 g5 18.Bd3 Rf6 19.Nd2 Rg6 20.Be2 h5 21.Rc1 Kh7 22.cxd6 cxd6 23.Qb3 b5
24.Bxb5 Rb8 25.a4 g4 26.Kh1 g3 27.Bg1 h4 28.h3 Bxh3 29.gxh3 g2+ 30.Kh2 gxf1=Q
31.Rxf1 Nxd5 32.Ba7 Ne3 33.Bxe3 fxe3 34.Qxe3 Bh6 35.Qf2 Qg5 36.Nc4 Rbg8 0-1

[Event "2. Bundesliga Ost 2010/2011"]
[Site "2+3.10.Zwettl,30.10-1.11.Wien,27+28.11.Wien,29+30.
[Date "2010.10.30"]
[Round "3"]
[Board "3"]
[White "Vyskocil, Neklan"]
[Black "Groetz, Harald"]
[Result "0-1"]
[WhiteElo "2376"]
[BlackElo "2321"]
[PlyCount "42"]
[EventDate "2010.10.02"]
[EventType "team"]
[EventRounds "11"]
[EventCountry "AUT"]
[WhiteTeam "SK Zwettl"]
[BlackTeam "Aljechin/Wieden"]

1.d4 Nf6 2.Nf3 g6 3.Bg5 Bg7 4.Nbd2 d6 5.e4 c5 6.dxc5 dxc5 7.Bc4 Qc7 8.O-O Nc6
9.Qe2 h6 10.Bh4 Nh5 11.c3 O-O 12.Rfe1 Na5 13.Bb5 Rd8 14.Ba4 Nf4 15.Qf1 g5 16.Bg3
g4 17.Red1 gxf3 18.Nxf3 Bg4 19.Qb5 b6 20.b4 cxb4 21.cxb4 Bxa1 0-1

[Event "2. Bundesliga Ost 2010/2011"]
[Site "2+3.10.Zwettl,30.10-1.11.Wien,27+28.11.Wien,29+30.
[Date "2010.10.30"]
[Round "3"]
[Board "4"]
[White "Schlosser, Michael"]
[Black "Pisk, Petr"]
[Result "0-1"]
[WhiteElo "2331"]
[BlackElo "2313"]
[PlyCount "54"]
[EventDate "2010.10.02"]
[EventType "team"]
[EventRounds "11"]
[EventCountry "AUT"]
[WhiteTeam "Aljechin/Wieden"]
[BlackTeam "SK Zwettl"]

1.e4 c5 2.Nf3 d6 3.d4 Nf6 4.Nc3 cxd4 5.Nxd4 g6 6.Be3 Bg7 7.f3 O-O 8.g4 Nc6 9.g5
Nh5 10.Qd2 Nxd4 11.Bxd4 Bxd4 12.Qxd4 Qa5 13.Rg1 Be6 14.a3 Rab8 15.b4 Qc7 16.Bd3
a6 17.O-O-O Rbc8 18.Nd5 Bxd5 19.exd5 e5 20.dxe6 fxe6 21.Rg4 d5 22.Qe3 Nf4 23.Kb1
Nxd3 24.Qxe6+ Kh8 25.Rxd3 Qxc2+ 26.Ka1 Rce8 27.Qf6+ Rxf6 0-1

[Event "2. Bundesliga Ost 2010/2011"]
[Site "2+3.10.Zwettl,30.10-1.11.Wien,27+28.11.Wien,29+30.
[Date "2010.10.30"]
[Round "3"]
[Board "5"]
[White "Wagner, Stefan"]
[Black "Hadjieff, Dieter"]
[Result "1-0"]
[WhiteElo "2173"]
[BlackElo "2175"]
[PlyCount "77"]
[EventDate "2010.10.02"]
[EventType "team"]
[EventRounds "11"]
[EventCountry "AUT"]
[WhiteTeam "SK Zwettl"]
[BlackTeam "Aljechin/Wieden"]

1.c4 Nf6 2.g3 e6 3.Bg2 d5 4.Nf3 Be7 5.O-O O-O 6.b3 c5 7.cxd5 Nxd5 8.Bb2 Nc6
9.Nc3 Bf6 10.Qc1 Nxc3 11.Bxc3 e5 12.Qb2 Qd6 13.d3 Nd4 14.b4 e4 15.Nxd4 cxd4
16.Bd2 e3 17.fxe3 Bg4 18.Bf3 dxe3 19.Bc3 Bxc3 20.Qxc3 Rac8 21.Qb2 Bxf3 22.Rxf3
Rfe8 23.Raf1 Rc7 24.Qb3 Ree7 25.Rf4 Kf8 26.Qa4 a6 27.b5 axb5 28.Qxb5 Qc5 29.Qb3
Qh5 30.Qb4 f6 31.R4f3 Rc2 32.Rxe3 Rcc7 33.Rf4 Qc5 34.Qxc5 Rxc5 35.Rxe7 Kxe7
36.Rb4 b5 37.Kf2 Kd6 38.Ke3 Rh5 39.h4 1-0

[Event "2. Bundesliga Ost 2010/2011"]
[Site "2+3.10.Zwettl,30.10-1.11.Wien,27+28.11.Wien,29+30.
[Date "2010.10.30"]
[Round "3"]
[Board "6"]
[White "Batyte, Daiva"]
[Black "Stadler, Peter"]
[Result "1/2-1/2"]
[WhiteElo "2167"]
[BlackElo "2169"]
[PlyCount "85"]
[EventDate "2010.10.02"]
[EventType "team"]
[EventRounds "11"]
[EventCountry "AUT"]
[WhiteTeam "Aljechin/Wieden"]
[BlackTeam "SK Zwettl"]

1.c4 Nf6 2.Nc3 g6 3.e4 d6 4.d4 Bg7 5.Nf3 O-O 6.Be2 e5 7.d5 Ne8 8.O-O f5 9.exf5
gxf5 10.Ng5 Qf6 11.f4 h6 12.fxe5 dxe5 13.Nge4 Qe7 14.Ng3 f4 15.Nh5 Bh8 16.Bd3
Ng7 17.Nxg7 Bxg7 18.Qe2 Qc5+ 19.Kh1 Bf5 20.Ne4 Qe7 21.Bd2 Nd7 22.Bc3 a5 23.Rae1
b6 24.a3 Rfe8 25.Qh5 Bxe4 26.Bxe4 Nf6 27.Qg6 Nxe4 28.Rxe4 Qd6 29.Qg4 Re7 30.g3
fxg3 31.Qxg3 Rf8 32.Rfe1 Rfe8 33.b4 b5 34.bxa5 Qxa3 35.cxb5 Rf7 36.Bxe5 Qa2
37.Rd4 Qxa5 38.Rg4 Ree7 39.Rg1 Qxb5 40.Rd4 Rf1 41.Bxg7 Rxg1+ 42.Qxg1 Rxg7 43.Qd1
1/2-1/2

[Event "2. Bundesliga Ost 2010/2011"]
[Site "2+3.10.Zwettl,30.10-1.11.Wien,27+28.11.Wien,29+30.
[Date "2010.10.30"]
[Round "3"]
[Board "1"]
[White "Maslik, Miroslav"]
[Black "Fauland, Alexander"]
[Result "0-1"]
[WhiteElo "2402"]
[BlackElo "2436"]
[PlyCount "110"]
[EventDate "2010.10.02"]
[EventType "team"]
[EventRounds "11"]
[EventCountry "AUT"]
[WhiteTeam "ASVOE Pamhagen"]
[BlackTeam "Raiffeisen Waehring"]

1.d4 Nf6 2.c4 e6 3.g3 d5 4.Nf3 dxc4 5.Bg2 Nc6 6.Qa4 Bd7 7.Qxc4 a6 8.O-O b5 9.Qb3
Bd6 10.Bg5 h6 11.Bxf6 Qxf6 12.Nbd2 O-O 13.Rac1 Rab8 14.Ne4 Qe7 15.Qe3 Nb4
16.Nxd6 cxd6 17.Nd2 Nxa2 18.Rc7 Nb4 19.Qa3 Nd5 20.Ra7 Nf6 21.Qxa6 d5 22.Nb3 Qb4
23.Qa3 Qxa3 24.bxa3 Ra8 25.Rc7 Rxa3 26.Nc5 Rd8 27.Rb1 Be8 28.e3 Rb8 29.Bf1 Kf8
30.Rb7 Rxb7 31.Nxb7 Ne4 32.Rb2 Ra7 33.Nc5 Nxc5 34.dxc5 Ke7 35.Rb1 Ra5 36.f4 Kd8
37.Kf2 Kc7 38.g4 Kc6 39.h4 Kxc5 40.Rc1+ Kd6 41.Rc8 Ke7 42.Rb8 Ra2+ 43.Kf3 Rb2
44.Bd3 Bc6 45.Rc8 Kd7 46.Rf8 d4+ 47.Be4 Bxe4+ 48.Kxe4 Ke7 49.Rg8 dxe3 50.Kxe3
Kf6 51.g5+ hxg5 52.fxg5+ Kg6 53.h5+ Kxg5 54.Rxg7+ Kf6 55.Rg8 Rh2 0-1

[Event "2. Bundesliga Ost 2010/2011"]
[Site "2+3.10.Zwettl,30.10-1.11.Wien,27+28.11.Wien,29+30.
[Date "2010.10.30"]
[Round "3"]
[Board "2"]
[White "Mahdy, Khaled"]
[Black "Cvek, Robert"]
[Result "1/2-1/2"]
[WhiteElo "2401"]
[BlackElo "2494"]
[PlyCount "69"]
[EventDate "2010.10.02"]
[EventType "team"]
[EventRounds "11"]
[EventCountry "AUT"]
[WhiteTeam "Raiffeisen Waehring"]
[BlackTeam "ASVOE Pamhagen"]

1.e4 c5 2.Nf3 e6 3.g3 Nc6 4.Bg2 Nf6 5.Qe2 d5 6.exd5 Nxd5 7.O-O Be7 8.Rd1 Nd4
9.Nxd4 cxd4 10.c4 Nc7 11.d3 O-O 12.Na3 a5 13.Bf4 f6 14.Bxc7 Qxc7 15.Nb5 Qb6
16.a4 Bc5 17.Qh5 Bd7 18.Re1 g6 19.Qh4 Rae8 20.f4 Kg7 21.Qh3 Bb4 22.Re2 Bc8 23.g4
f5 24.Re5 Rf7 25.g5 Bd7 26.Qg3 Bxb5 27.axb5 Bd6 28.Rae1 Bxe5 29.Rxe5 Rc7 30.Qe1
Rce7 31.b4 axb4 32.Qxb4 Rd7 33.Qa4 Rc7 34.Qb4 Rd7 35.Qa4 1/2-1/2

[Event "2. Bundesliga Ost 2010/2011"]
[Site "2+3.10.Zwettl,30.10-1.11.Wien,27+28.11.Wien,29+30.
[Date "2010.10.30"]
[Round "3"]
[Board "3"]
[White "Lipka, Juraj"]
[Black "Wallner, Joachim"]
[Result "1/2-1/2"]
[WhiteElo "2414"]
[BlackElo "2294"]
[PlyCount "110"]
[EventDate "2010.10.02"]
[EventType "team"]
[EventRounds "11"]
[EventCountry "AUT"]
[WhiteTeam "ASVOE Pamhagen"]
[BlackTeam "Raiffeisen Waehring"]

1.d4 d5 2.c4 c6 3.Nc3 Nf6 4.e3 a6 5.Nf3 g6 6.Bd3 Bg7 7.O-O O-O 8.b3 Bf5 9.Bxf5
gxf5 10.Bb2 Nbd7 11.Ne2 Re8 12.Nf4 e6 13.Rc1 Rc8 14.Qd3 Nf8 15.cxd5 Nxd5 16.Nxd5
Qxd5 17.Rc5 Qe4 18.Qxe4 fxe4 19.Nd2 f5 20.Rc2 Rcd8 21.Nc4 Ng6 22.Ba3 Rd7 23.Nb6
Rdd8 24.Rd1 Bf6 25.Bc5 Be7 26.Rcd2 Bd6 27.Nc4 Bc7 28.f3 exf3 29.gxf3 Kf7 30.Kg2
Rg8 31.Kf1 Nh4 32.Rf2 e5 33.Ke2 Ke6 34.Nxe5 Bxe5 35.dxe5 Rxd1 36.Kxd1 Kxe5
37.Be7 Rg1+ 38.Ke2 Ng6 39.Bb4 Kd5 40.Rf1 Rxf1 41.Kxf1 b5 42.Ke2 c5 43.Bc3 b4
44.Bf6 c4 45.bxc4+ Kxc4 46.e4 fxe4 47.fxe4 a5 48.Ke3 a4 49.Ba1 b3 50.axb3+ axb3
51.h3 h5 52.Bb2 Kc5 53.Ba3+ Kc4 54.Bb2 Kc5 55.Ba3+ Kc4 1/2-1/2

[Event "2. Bundesliga Ost 2010/2011"]
[Site "2+3.10.Zwettl,30.10-1.11.Wien,27+28.11.Wien,29+30.
[Date "2010.10.30"]
[Round "3"]
[Board "4"]
[White "Brustkern, Juergen"]
[Black "Vitouch, Anatol"]
[Result "1-0"]
[WhiteElo "2299"]
[BlackElo "2262"]
[PlyCount "57"]
[EventDate "2010.10.02"]
[EventType "team"]
[EventRounds "11"]
[EventCountry "AUT"]
[WhiteTeam "Raiffeisen Waehring"]
[BlackTeam "ASVOE Pamhagen"]

1.d4 Nc6 2.Nf3 d5 3.c4 Bg4 4.Nc3 e6 5.cxd5 exd5 6.Bf4 Bxf3 7.gxf3 Bd6 8.Bg3 Nge7
9.e3 O-O 10.Bd3 f5 11.f4 Qd7 12.Qf3 Bb4 13.Rc1 Nd8 14.Bh4 c6 15.Rg1 Ne6 16.Bg5
Rae8 17.Qh3 g6 18.Kf1 Bxc3 19.bxc3 Nxg5 20.Rxg5 Rf7 21.Qf3 b5 22.h4 Rg7 23.h5
Kf7 24.Qh3 Nc8 25.h6 Rgg8 26.Bxf5 Qc7 27.Bd7 Nd6 28.Re5 c5 29.Be6+ 1-0

[Event "2. Bundesliga Ost 2010/2011"]
[Site "2+3.10.Zwettl,30.10-1.11.Wien,27+28.11.Wien,29+30.
[Date "2010.10.30"]
[Round "3"]
[Board "5"]
[White "Hangweyrer, Manfred"]
[Black "Nolz, Tom"]
[Result "0-1"]
[WhiteElo "2334"]
[BlackElo "2165"]
[PlyCount "68"]
[EventDate "2010.10.02"]
[EventType "team"]
[EventRounds "11"]
[EventCountry "AUT"]
[WhiteTeam "ASVOE Pamhagen"]
[BlackTeam "Raiffeisen Waehring"]

1.Nf3 Nf6 2.g3 d5 3.Bg2 Bf5 4.c4 c6 5.O-O e6 6.d3 h6 7.b3 Be7 8.Bb2 O-O 9.Nbd2
a5 10.a3 Na6 11.Rc1 Bh7 12.Qc2 Qb6 13.cxd5 exd5 14.e4 Rfe8 15.Nh4 Nd7 16.exd5
cxd5 17.Bh3 Nf8 18.Nf5 Bf6 19.Nf3 Nc5 20.Qxc5 Qxc5 21.Rxc5 Bxb2 22.a4 Ne6 23.Rb5
Ba3 24.d4 Rac8 25.Rd1 Rc3 26.Ne3 Be4 27.Bg2 Rd8 28.Rxb7 Bb4 29.Ne5 f6 30.Nd7 Nc7
31.Nc5 Bxc5 32.Rxc7 Bxg2 33.Kxg2 Bb4 34.Nf5 Rxc7 0-1

[Event "2. Bundesliga Ost 2010/2011"]
[Site "2+3.10.Zwettl,30.10-1.11.Wien,27+28.11.Wien,29+30.
[Date "2010.10.30"]
[Round "3"]
[Board "6"]
[White "Schweitzer, Werner"]
[Black "Bozinovic, Boban"]
[Result "0-1"]
[WhiteElo "2119"]
[BlackElo "2064"]
[PlyCount "88"]
[EventDate "2010.10.02"]
[EventType "team"]
[EventRounds "11"]
[EventCountry "AUT"]
[WhiteTeam "Raiffeisen Waehring"]
[BlackTeam "ASVOE Pamhagen"]

1.e4 c5 2.Nf3 d6 3.Bb5+ Bd7 4.Bxd7+ Qxd7 5.c4 Nc6 6.Nc3 Nf6 7.O-O g6 8.d4 cxd4
9.Nxd4 Bg7 10.Be3 Ng4 11.Qd2 Nxe3 12.fxe3 O-O 13.Rad1 Rac8 14.b3 Ne5 15.h3 Rfe8
16.Nd5 Rc5 17.Qf2 a6 18.b4 Rxc4 19.Nb6 Qc7 20.Nxc4 Qxc4 21.Qd2 Bh6 22.a3 b5
23.Kh1 Qc7 24.Rc1 Qb7 25.Rc3 Qxe4 26.Qf2 f5 27.Qg3 Kh8 28.Ne6 Nc4 29.Ng5 Bxg5
30.Qxg5 Qe5 31.Rfc1 d5 32.Rd3 Kg7 33.Rcc3 e6 34.Qh4 h6 35.Qf2 Re7 36.Qc2 g5
37.Qf2 h5 38.Rd4 h4 39.Kg1 Rd7 40.Qf3 Kg6 41.Rcd3 Rc7 42.Qe2 Nd6 43.Rd2 Ne4
44.Rc2 Ng3 0-1

[Event "2. Bundesliga Ost 2010/2011"]
[Site "2+3.10.Zwettl,30.10-1.11.Wien,27+28.11.Wien,29+30.
[Date "2010.10.30"]
[Round "3"]
[Board "1"]
[White "Michalik, Peter"]
[Black "Poetz, Florian"]
[Result "1/2-1/2"]
[WhiteElo "2455"]
[BlackElo "2350"]
[PlyCount "216"]
[EventDate "2010.10.02"]
[EventType "team"]
[EventRounds "11"]
[EventCountry "AUT"]
[WhiteTeam "1. Wr. Neustaedter SV"]
[BlackTeam "Niederabsdorf"]

1.d4 Nf6 2.c4 e6 3.g3 Bb4+ 4.Bd2 c5 5.Bxb4 cxb4 6.Bg2 O-O 7.e4 d6 8.Ne2 e5 9.a3
Qb6 10.O-O Nc6 11.d5 Nb8 12.Qd2 Na6 13.Nc1 Nd7 14.axb4 Qxb4 15.Qxb4 Nxb4 16.Na3
a5 17.Nb5 Ra6 18.Nc7 Ra7 19.Na2 Nc2 20.Rac1 Nd4 21.Nc3 Nc5 22.N3b5 Nxb5 23.Nxb5
Ra6 24.Rc3 Bd7 25.Ra1 a4 26.f3 Bxb5 27.cxb5 Raa8 28.h4 g6 29.Kf2 Kg7 30.Ke3 f5
31.exf5 gxf5 32.f4 Rae8 33.Bf3 b6 34.Rd1 Kf6 35.Rc4 Rg8 36.fxe5+ dxe5 37.Kf2 e4
38.Be2 Ke5 39.Rcd4 Nd3+ 40.R4xd3 exd3 41.Rxd3 Kd6 42.Rf3 Re5 43.Rf4 Rge8 44.Bf3
Rc8 45.g4 Rc2+ 46.Kg3 fxg4 47.Kxg4 Rxb2 48.Rxa4 Rxb5 49.Rf4 Ke7 50.Ra4 Ra5
51.Rc4 Rc5 52.Ra4 Rc7 53.Rb4 Re3 54.d6+ Kxd6 55.Rxb6+ Ke5 56.Rb5+ Ke6 57.Rb6+
Kf7 58.Bd5+ Kf8 59.Rf6+ Kg7 60.Rf5 h6 61.Rf4 Re5 62.Bf3 Rf7 63.Rb4 Ref5 64.Rb3
Rf4+ 65.Kg3 Rd4 66.Ra3 Rfd7 67.Be2 Kf6 68.Ra6+ R7d6 69.Ra5 R4d5 70.Ra8 Ke5
71.Re8+ Kd4 72.Bf3 Re5 73.Rf8 Ke3 74.Bg4 Rg6 75.Kh3 Re7 76.Ra8 Rd6 77.Kg3 Rd4
78.Rg8 Ree4 79.Rg6 Rb4 80.Rg8 Rb1 81.Bh3 Rg1+ 82.Bg2 Re6 83.Kh2 Rb1 84.Kh3 Rf6
85.Rg3+ Kf2 86.Rc3 Re1 87.Rc4 h5 88.Rc5 Kg1 89.Rc3 Rf4 90.Bc6 Kf2 91.Rc2+ Re2
92.Rxe2+ Kxe2 93.Be8 Rf3+ 94.Kg2 Rf5 95.Bg6 Re5 96.Kg3 Ke3 97.Bf7 Ra5 98.Bg6 Re5
99.Bf7 Ke4 100.Bg6+ Kd5 101.Kf4 Ke6 102.Be4 Kf6 103.Bf3 Ra5 104.Be2 Ra4+ 105.Kg3
Ra3+ 106.Kf4 Ra4+ 107.Kg3 Ra3+ 108.Kf4 Ra4+ 1/2-1/2

[Event "2. Bundesliga Ost 2010/2011"]
[Site "2+3.10.Zwettl,30.10-1.11.Wien,27+28.11.Wien,29+30.
[Date "2010.10.30"]
[Round "3"]
[Board "2"]
[White "Schwarhofer, Christopher"]
[Black "Schroll, Gerhard"]
[Result "1/2-1/2"]
[WhiteElo "2222"]
[BlackElo "2449"]
[PlyCount "41"]
[EventDate "2010.10.02"]
[EventType "team"]
[EventRounds "11"]
[EventCountry "AUT"]
[WhiteTeam "Niederabsdorf"]
[BlackTeam "1. Wr. Neustaedter SV"]

1.e4 e5 2.f4 exf4 3.Nf3 Ne7 4.Bc4 d5 5.exd5 Nxd5 6.O-O Be7 7.d4 Bg4 8.Nc3 Nxc3
9.Bxf7+ Kf8 10.bxc3 Bxf3 11.Qxf3 Kxf7 12.Bxf4 Bf6 13.Qxb7 Nd7 14.Bxc7 Qc8
15.Qd5+ Kg6 16.g4 h6 17.Rae1 Re8 18.Qf5+ Kf7 19.Qd5+ Kg6 20.Qf5+ Kf7 21.Qd5+ 1/2-1/2